Twilight of the Mughuls (Record no. 11284)

MARC details
000 -LEADER
fixed length control field 00656nam a2200253 a 4500
020 ## - INTERNATIONAL STANDARD BOOK NUMBER
ISBN
082 00 - DEWEY DECIMAL CLASSIFICATION NUMBER
Classification number 954.025
Author Cutter SPE
100 ## - MAIN ENTRY--AUTHOR NAME
Author name Spear, Percival
245 ## - TITLE STATEMENT
Title Twilight of the Mughuls
Sub title Studies in Late Mughul Delhi
260 ## - PUBLICATION, DISTRIBUTION, ETC. (IMPRINT)
Place of publication Delhi
Name of publisher Munshiram Manoharlal Pub
Year of publication 1991
300 ## - PHYSICAL DESCRIPTION
Number of Pages 269p
500 ## - GENERAL NOTE
General note includes index and biblioraphy
505 2# - FORMATTED CONTENTS NOTE
Formatted contents note References, Gerneral Index
650 ## - SUBJECT ADDED ENTRY--TOPICAL TERM
Topical Term Mughal India
650 ## - SUBJECT ADDED ENTRY--TOPICAL TERM
Topical Term Delhi-Mughal
942 ## - ADDED ENTRY ELEMENTS (KOHA)
Koha item type Books
700 1# -
-- Spear, Percival
Holdings
Collection code Home library Current library Date acquired Cost, normal purchase price Full call number Accession Number Koha item type
  Henry Martyn Institute Library Henry Martyn Institute Library 04/04/2007 250.00 954.025 SPE 017268 Books
                   Copyright © 2026 | Henry Martyn Institute | Hyderabad | TS-500052 | INDIA | Implemented by hmi.edu.in
Hit-Count:

Powered by Koha